000 00769nam a2200265 i 4500
001 C2-0332863
003 PPAK
005 20180728133011.0
008 150818s2015 my |||| ||||| | may d
020 _a9789670594682
040 _aPPAK
_beng
_cPPAK
_erda
082 0 4 _a899.233
_223
090 0 0 _a899.233
_bSAI
_dK
100 0 _aSailey Azizah,
_eauthor
245 1 0 _aTerbongkar juga akhirnya
264 1 _aKuala Lumpur :
_bSemarak Murni Enterprise ,
_c2015
300 _a164 pages ;
_c19 cm
336 _2rdacontent
_atext
337 _2rdamedia
_aunmediated
338 _2rdacarrier
_avolume
490 1 _aSiri kesungguhan dalam cabaran
650 1 0 _aMalay fiction. ; Didactic fiction, Malay.
830 0 _aSiri kesungguhan dalam cabaran
942 _ddc
_cB
999 _c131487
_d131487